Situación de la figura de agente de igualdad de oportunidades de mujeres y hombres en España y propuestas para una certificación Profesional (Registro nro. 24265)
[ vista simple ]
| 000 -CABECERA | |
|---|---|
| Longitud fija campo de control | 01436nam a2200373 c 4500 |
| 001 - NÚMERO DE CONTROL | |
| Número de control | 24265 |
| 003 - IDENTIFICADOR DE NÚMERO DE CONTROL | |
| Identificador del número de control | ES-MaCES |
| 005 - FECHA Y HORA DE LA ÚLTIMA TRANSACCIÓN | |
| Fecha y hora de la última transacción | 20250121040010.0 |
| 008 - CAMPO FIJO DE DESCRIPCIÓN FIJA--INFORMACIÓN GENERAL | |
| Códigos de información de longitud fija | 120210s2011 sp d t o000 | spa d |
| 017 ## - NÚMERO DE REGISTRO DE DERECHOS DE AUTOR Y DEPÓSITO LEGAL | |
| Número de copyright o de depósito legal | M 25343-2011 |
| Agencia que asigna el número | DL |
| 024 7# - OTROS IDENTIFICADORES | |
| Número normalizado o código | 867-11-041-1 |
| Fuente del número o código | nipo |
| 035 ## - NÚMERO DE CONTROL DEL SISTEMA | |
| Número de control del sistema | CES20120000819m |
| 040 ## - FUENTE DE CATALOGACIÓN | |
| Centro catalogador de origen | ES-MaCES |
| Lengua de catalogación | spa |
| Centro transcriptor | ES-MaCES |
| 245 00 - MENCIÓN DE TÍTULO | |
| Título | Situación de la figura de agente de igualdad de oportunidades de mujeres y hombres en España y propuestas para una certificación Profesional |
| Mención de responsabilidad, etc. | [realización, Federación Estatal de Asociaciones Profesionales de Agentes de Igualdad] |
| 260 ## - PUBLICACIÓN, DISTRIBUCIÓN, ETC (PIE DE IMPRENTA) | |
| Lugar de publicación, distribución, etc. | Madrid |
| Nombre del editor, distribuidor, etc. | Instituto de la Mujer |
| Fecha de publicación, distribución, etc. | [2011] |
| 300 ## - DESCRIPCIÓN FÍSICA | |
| Extensión | 265 p. |
| Otras características físicas | gráf. col. |
| Dimensiones | 30 cm |
| 504 ## - NOTA DE BIBLIOGRAFÍA, ETC. | |
| Nota de bibliografía, etc. | Bibliografía y recursos web: p. 219-227 |
| 541 ## - NOTA DE LA FUENTE INMEDIANTE DE ADQUISICIÓN | |
| Forma de adquisición | Gratuito |
| 650 #4 - ASIENTO SECUNDARIO DE MATERIA--TÉRMINO DE MATERIA | |
| Término de materia o nombre geográfico como elemento inicial | asesoramiento |
| 9 (RLIN) | 29786 |
| 650 #4 - ASIENTO SECUNDARIO DE MATERIA--TÉRMINO DE MATERIA | |
| Término de materia o nombre geográfico como elemento inicial | igualdad de oportunidades |
| 9 (RLIN) | 27183 |
| 650 #4 - ASIENTO SECUNDARIO DE MATERIA--TÉRMINO DE MATERIA | |
| Término de materia o nombre geográfico como elemento inicial | mujeres |
| 9 (RLIN) | 28657 |
| 650 #4 - ASIENTO SECUNDARIO DE MATERIA--TÉRMINO DE MATERIA | |
| Término de materia o nombre geográfico como elemento inicial | condiciones de empleo |
| 9 (RLIN) | 30040 |
| 650 #4 - ASIENTO SECUNDARIO DE MATERIA--TÉRMINO DE MATERIA | |
| Término de materia o nombre geográfico como elemento inicial | certificación ocupacional |
| 9 (RLIN) | 29930 |
| 650 #4 - ASIENTO SECUNDARIO DE MATERIA--TÉRMINO DE MATERIA | |
| Término de materia o nombre geográfico como elemento inicial | calificación profesional |
| 9 (RLIN) | 28319 |
| 650 #4 - ASIENTO SECUNDARIO DE MATERIA--TÉRMINO DE MATERIA | |
| Término de materia o nombre geográfico como elemento inicial | España |
| 9 (RLIN) | 26964 |
| 653 10 - TÉRMINO DE INDEXACIÓN--NO CONTROLADO | |
| Término no controlado | Empleo |
| 650 #4 - ASIENTO SECUNDARIO DE MATERIA--TÉRMINO DE MATERIA | |
| 9 (RLIN) | 28420 |
| Término de materia o nombre geográfico como elemento inicial | trabajador profesional |
| 650 #4 - ASIENTO SECUNDARIO DE MATERIA--TÉRMINO DE MATERIA | |
| 9 (RLIN) | 29282 |
| Término de materia o nombre geográfico como elemento inicial | evaluación del nivel de formación |
| 710 2# - ENCABEZAMIENTO SECUNDARIO--NOMBRE CORPORATIVO | |
| Nombre de entidad o nombre de jurisdicción como elemento inicial | Instituto de la Mujer (España) |
| Término indicativo de función | ed. |
| 9 (RLIN) | 4190 |
| 710 2# - ENCABEZAMIENTO SECUNDARIO--NOMBRE CORPORATIVO | |
| Nombre de entidad o nombre de jurisdicción como elemento inicial | Federación Estatal de Asociaciones de Agentes de Igualdad de Oportunidades |
| 9 (RLIN) | 3560 |
| 902 ## - CES. TIPO DE DOCUMENTO | |
| Tipodoc (006$c Sirtex) | LIB Libro |
| 942 ## - ELEMENTOS KOHA | |
| Fuente de clasificaión o esquema | Clasificación propia del CES |
| Koha [por defecto] tipo de item | Monografías |
| Parte de clasificación | 2.1. |
| Número de registro | Signatura completa | Tipo de item de Koha |
|---|---|---|
| 080932 | SG-2.1.-79 | Monografías |
